000
00307nam a22001337a 4500
008
181031b xxu||||| |||| 00| 0 eng d
020
_a
9780300099799
041
_a
eng
080
_a
320
100
_a
21
101
_a
SHP
245
_a
Reflections on the Revolution in France
_c
Burke,E
942
_2
udc
_c
BK
999
_c
51283
_d
51283